03087nam a2200529Ia 4500001000400000008004100004010000800045041001400053082001400067245020900081260002100290300000800311520000600319630002800325630001700353650002700370690002400397700003300421700002900454700002800483901006600511902000600577903004100583904001800624905002700642906000600669907001400675908001400689909004500703910001500748911001000763912001400773913000900787914002500796915001900821916000900840917000900849918001400858919001800872520161000890921000702500922000702507923000602514924001402520942001002534999001302544795241029s9999 xx 000 0 und d a718 aEspañol aNO APLICA 0aRelación existente entre los traumas de la infancia y la decisión por la Carrera de Psicología en los estudiantes de la Universidad Adventista Dominicana en el Primer Semestre Enero-Mayo, año 2012 aMonseñor Nouel a118 a6 aOrientación Educativa aPsicología aElección de Estudios aCopiado sin cambios easesoraSalcedo Jorge, Lino  eautoraAdames , Sorangel eautoraElsevyf, Jocelyn a{"1":"Adames ","2":"Elsevyf"}b{"1":"Sorangel","2":"Jocelyn"} a1 a{"1":"Salcedo Jorge"}b{"1":"Lino "} aMagíster en aDocencia Universitaria a2 aNO APLICA aNO APLICA aUniversidad Adventista Dominicana (UNAD) aNULLbNULL a["1"] aNO APLICA aNULL a01 de Agosto de 2012 a01/10/14 11:10 aNULL aNULL aNO APLICA a["148","172"] aEl presente estudio tiene como propósito general, relacionar los traumas de la infancia y la elección de la carrera de psicología, en los estudiantes de esta carrera de la Universidad Adventista Dominicana, extensión Santo Domingo (UNAD).Las sustentantes se formularon las siguientespreguntas: ¿Existe alguna relación entre trauma de la infancia y la elección de carrera de los estudiantes de psicología de la UNAD extensión Santo Domingo? ¿Cuáles son los traumas de la infancia en los estudiantes de psicología de la UNAD extensión Santo Domingo? ¿Cuales son los motivos de elección de la carrera de psicología en los estudiantes de psicología de la UNAD extensión SantoDomingo? ¿Tiene la UNAD extensión Santo Domingo, un programa de orientación vocacional para los estudiantes de nuevo ingreso? ¿Qué orientación vocacional reciben los estudiantes de psicología en la UNAD extensión Santo Domingo?Se aplicó un cuestionario de 26 preguntas a los estudiantes de psicología y se aplicó el Test Kuder forma C.  Para obtener las informaciones, se utilizó latécnica descriptiva y comparativa.  La población seleccionada fue 100 personas que constituye el 39% del total de los estudiantes de psicología del primer semestre en el año 2012, para la aplicación del cuestionario y a 40 se les aplicó el Test Vocacional Kunder que corresponde al 16% de la facultad de psicología.Los resultados de esta investigación revelan que la mayoría de los encuestados dicen que eligió la carrera de psicología para ayudarse a sí mismo y a otros. a28 a28 a0 aNO APLICA cTesis c718d718